Palliative and end of life care in nursing / (Record no. 80717)

MARC details
000 -LEADER
fixed length control field 02040nam a22003137a 4500
003 - CONTROL NUMBER IDENTIFIER
control field URS
005 - DATE AND TIME OF LATEST TRANSACTION
control field 20250910110537.0
020 ## - INTERNATIONAL STANDARD BOOK NUMBER
International Standard Book Number 9781446270929 (pbk.)
040 ## - CATALOGING SOURCE
Description conventions rda
Transcribing agency URS
Language of cataloging English
050 00 - LIBRARY OF CONGRESS CALL NUMBER
Classification number RT87.T45
Item number N541 2014
100 ## - MAIN ENTRY--PERSONAL NAME
Personal name Nicol, Jane,
Relator term author.
9 (RLIN) 5890
245 10 - TITLE STATEMENT
Title Palliative and end of life care in nursing /
Statement of responsibility, etc Jane Nicol and Brian Nyatanga.
264 ## - PUBLICATION, DISTRIBUTION, ETC. (IMPRINT)
Place of publication, distribution, etc Thousand Oaks, California :
Name of publisher, distributor, etc SAGE ;
Date of publication, distribution, etc ©2014.
300 ## - PHYSICAL DESCRIPTION
Extent xi, 170 pages ;
Dimensions 25 cm.
336 ## - CONTENT TYPE
Content type term text
Content type code txt
Source rdacontent
337 ## - MEDIA TYPE
Media type term unmediated
Media type code n
Source rdamedia
338 ## - CARRIER TYPE
Carrier type term volume
Carrier type code nc
Source rdacarrier
504 ## - BIBLIOGRAPHY, ETC. NOTE
Bibliography, etc Includes bibliographical references and index.
505 ## - FORMATTED CONTENTS NOTE
Formatted contents note Introduction -- The Idea of Life, Living, Dying and Death -- Holistic Care in Palliative and End-of-Life Care -- Communication in Palliative and End-of-Life Care -- Loss, Grief and Bereavement -- Culture and End-of-Life Care -- Ethical Issues in Palliative and End-of-Life Care -- Palliative Care in a Critical Care Setting -- Legal Issues in Palliative and End-of-Life Care.
520 ## - SUMMARY, ETC.
Summary, etc With the number of people requiring palliative and end-of-life care set to increase by 2020, it is the responsibility of every nurse, regardless of specialism, to know how to provide high-quality care to this group of people. Yet caring for those nearing the end of life can throw up complex issues, including handling bereavement, cultural and ethical issues, delivering care in a wide variety of settings, symptom management and also ensuring your own emotional resilience. This book is specifically designed to equip nursing students and non-specialists with the essential knowledge in relation to the care and management of people nearing the end of life. -- Provided by publisher.
650 #0 - SUBJECT ADDED ENTRY--TOPICAL TERM
Topical term or geographic name as entry element Hospice and Palliative Care Nursing.
9 (RLIN) 5885
650 #0 - SUBJECT ADDED ENTRY--TOPICAL TERM
Topical term or geographic name as entry element Palliative Care.
9 (RLIN) 5886
650 #0 - SUBJECT ADDED ENTRY--TOPICAL TERM
Topical term or geographic name as entry element Terminal Care.
9 (RLIN) 5887
650 #0 - SUBJECT ADDED ENTRY--TOPICAL TERM
Topical term or geographic name as entry element Palliative treatment.
9 (RLIN) 5888
650 #0 - SUBJECT ADDED ENTRY--TOPICAL TERM
Topical term or geographic name as entry element Terminal Care.
9 (RLIN) 5887
650 #0 - SUBJECT ADDED ENTRY--TOPICAL TERM
Topical term or geographic name as entry element Nursing.
9 (RLIN) 1023
700 ## - ADDED ENTRY--PERSONAL NAME
Personal name Nyatanga, Brian,
Relator term author.
9 (RLIN) 5889
942 ## - ADDED ENTRY ELEMENTS (KOHA)
Source of classification or shelving scheme Library of Congress Classification
Koha item type Foreign Books
Holdings
Withdrawn status Lost status Source of classification or shelving scheme Damaged status Not for loan Collection code Home library Current library Shelving location Date acquired Source of acquisition Total Checkouts Full call number Barcode Date last seen Copy number Koha item type
    Library of Congress Classification     Non-fiction Taytay College Library Taytay College Library Nursing Collection 07/17/2024 Donation   RT87.T45 N541 2014 URSTAY-5624 06/05/2025 1 Foreign Books

University of Rizal System
Email us at univlibservices@urs.edu.ph

Visit our Website www.urs.edu.ph/library